UNIX programming : (Record no. 180505)
[ view plain ]
| 000 -LEADER | |
|---|---|
| fixed length control field | 01050 a2200205 4500 |
| 003 - CONTROL NUMBER IDENTIFIER | |
| control field | Nust |
| 005 - DATE AND TIME OF LATEST TRANSACTION | |
| control field | 20221006104418.0 |
| 010 ## - LIBRARY OF CONGRESS CONTROL NUMBER | |
| LC control number | 87081874 |
| 020 ## - INTERNATIONAL STANDARD BOOK NUMBER | |
| International Standard Book Number | 0155930214 (pbk.) |
| 040 ## - CATALOGING SOURCE | |
| Transcribing agency | Nust |
| 082 00 - DEWEY DECIMAL CLASSIFICATION NUMBER | |
| Classification number | 005.42,PET |
| 100 1# - MAIN ENTRY--PERSONAL NAME | |
| Personal name | Peters, James F. |
| 9 (RLIN) | 36625 |
| 245 10 - TITLE STATEMENT | |
| Title | UNIX programming : |
| Remainder of title | methods and tools / |
| Statement of responsibility, etc. | James F. Peters III. |
| 260 ## - PUBLICATION, DISTRIBUTION, ETC. | |
| Place of publication, distribution, etc. | San Diego : |
| Name of publisher, distributor, etc. | Harcourt Brace Jovanovich, |
| Date of publication, distribution, etc. | c1988. |
| 300 ## - PHYSICAL DESCRIPTION | |
| Extent | xv, 447 p. : |
| Other physical details | ill. ; |
| Dimensions | 24 cm. + |
| Accompanying material | 1 computer disk (5 1/4 in.) |
| 505 ## - FORMATTED CONTENTS NOTE | |
| Formatted contents note | Discovering Unix (Page-1), Files and Directories (Page-45), Processes and the Shell (Page-84), Command Procedures (Page-131), Procedure Design (Page-197), Filters and Stream Editing (Page -236), awk Programming Methods (Page -282), The Joys C Shell (Page -334), Shell Commands Handbook (Page -396), Appendixes (Page-427), |
| 856 42 - ELECTRONIC LOCATION AND ACCESS | |
| Materials specified | Publisher description |
| Uniform Resource Identifier | <a href="http://www.loc.gov/catdir/enhancements/fy0604/87081874-d.html">http://www.loc.gov/catdir/enhancements/fy0604/87081874-d.html</a> |
| 856 42 - ELECTRONIC LOCATION AND ACCESS | |
| Materials specified | Table of contents only |
| Uniform Resource Identifier | <a href="http://www.loc.gov/catdir/enhancements/fy0604/87081874-t.html">http://www.loc.gov/catdir/enhancements/fy0604/87081874-t.html</a> |
| 942 ## - ADDED ENTRY ELEMENTS (KOHA) | |
| Source of classification or shelving scheme | |
| Koha item type | Book |
| Call number prefix | 005.42,PET |
| Withdrawn status | Lost status | Source of classification or shelving scheme | Damaged status | Not for loan | Permanent Location | Current Location | Shelving location | Date acquired | Full call number | Barcode | Date last seen | Price effective from | Koha item type | Public note |
|---|---|---|---|---|---|---|---|---|---|---|---|---|---|---|
| Military College of Signals (MCS) | Military College of Signals (MCS) | General Stacks | 12/12/2016 | 005.42,PET | MCS326 | 12/08/2016 | 12/12/2016 | Book | Almirah No.6, Shelf No.1 |
